000 00570nam a2200205 a 4500
005 20210219152857.0
008 991125n 000 0 spa u
035 _aUPN01000064802
100 _aLIZARRAGA CARRILLO, Salvador
222 _aREVISTA DE LA ESCUELA NORMAL SUPERIOR DE YUCATAN
245 _a¿Areas o asignaturas?
300 _a9
362 _a1986 No. 4, abr.
653 0 _aCURRICULUM POR AREAS
653 0 _aCURRICULUM POR ASIGNATURAS
653 0 _aEDUCACION BASICA
653 0 _aEDUCACION SECUNDARIA
904 _aAC
_b002613
905 _aArticulo
999 _c62744
_d62744